[Event "DEM U12w 2022"]
[Site "Willingen GER"]
[Date "2022.06.05"]
[Round "1"]
[White "Sickmann, Lisa"]
[Black "John, Linnea"]
[Result "1-0"]
[Termination "normal"]
[Board "1"]
[WhiteElo "1660"]
[BlackElo "1306"]
[WhiteClock "00:54:55"]
[BlackClock "00:18:39"]
[PlyCount "69"]
[WhiteFideId "16267818"]
[BlackFideId "34623680"]
[EventCountry "GER"]
[EventRounds "9"]
[EventType "swiss"]
[EventDate "2022.06.04"]

1. e4 {[%clk 01:30:53]} {[%emt 00:00:06]} c5 {[%clk 01:30:56]} {[%emt
00:00:05]} 2. Nf3 {[%clk 01:31:17]} {[%emt 00:00:06]} Nc6 {[%clk 01:31:19]}
{[%emt 00:00:07]} 3. d4 {[%clk 01:31:32]} {[%emt 00:00:15]} cxd4 {[%clk
01:31:36]} {[%emt 00:00:13]} 4. Nxd4 {[%clk 01:31:53]} {[%emt 00:00:08]} g6
{[%clk 01:31:53]} {[%emt 00:00:14]} 5. c4 {[%clk 01:32:13]} {[%emt 00:00:11]}
Bg7 {[%clk 01:32:06]} {[%emt 00:00:16]} 6. Be3 {[%clk 01:32:36]} {[%emt
00:00:07]} Nf6 {[%emt 00:00:28]} 7. Nc3 {[%clk 01:32:57]} {[%emt 00:00:01]} Ng4
{[%clk 01:32:08]} {[%emt 00:00:39]} 8. Qxg4 {[%clk 01:32:59]} {[%emt 00:00:27]}
Nxd4 {[%clk 01:30:59]} {[%emt 00:01:40]} 9. Qd1 {[%clk 01:33:08]} {[%emt
00:00:20]} e5 {[%clk 01:30:19]} {[%emt 00:01:10]} 10. Bd3 {[%clk 01:19:03]}
{[%emt 00:14:35]} O-O {[%clk 01:27:49]} {[%emt 00:03:00]} 11. O-O {[%clk
01:18:54]} {[%emt 00:00:39]} d6 {[%clk 01:24:03]} {[%emt 00:04:16]} 12. Qd2
{[%clk 01:07:02]} {[%emt 00:12:21]} Be6 {[%clk 01:21:13]} {[%emt 00:03:21]} 13.
f4 {[%clk 01:01:14]} {[%emt 00:06:19]} Rc8 {[%clk 01:04:17]} {[%emt 00:17:26]}
14. b3 {[%clk 00:53:35]} {[%emt 00:08:09]} Qa5 {[%clk 00:42:16]} {[%emt
00:22:30]} 15. f5 {[%clk 00:52:40]} {[%emt 00:01:25]} Bd7 {[%clk 00:26:59]}
{[%emt 00:15:47]} 16. f6 {[%clk 00:52:42]} {[%emt 00:00:28]} Bh8 {[%clk
00:26:50]} {[%emt 00:00:39]} 17. Nd5 {[%clk 00:52:52]} {[%emt 00:00:19]} Qd8
{[%clk 00:25:43]} {[%emt 00:01:38]} 18. Ne7+ {[%clk 00:53:12]} {[%emt
00:00:10]} Qxe7 {[%clk 00:25:58]} {[%emt 00:00:15]} 19. fxe7 {[%clk 00:53:35]}
{[%emt 00:00:06]} Rfe8 {[%clk 00:26:19]} {[%emt 00:00:11]} 20. Qf2 {[%clk
00:52:52]} {[%emt 00:01:11]} Be6 {[%clk 00:25:46]} {[%emt 00:01:04]} 21. Bg5
{[%clk 00:52:45]} {[%emt 00:00:36]} Bg7 {[%clk 00:22:14]} {[%emt 00:04:03]} 22.
c5 {[%clk 00:52:31]} {[%emt 00:00:44]} dxc5 {[%clk 00:21:17]} {[%emt 00:01:27]}
23. Bc4 {[%clk 00:52:47]} {[%emt 00:00:13]} Bxc4 {[%clk 00:19:15]} {[%emt
00:02:33]} 24. bxc4 {[%clk 00:53:12]} {[%emt 00:00:05]} h6 {[%clk 00:19:26]}
{[%emt 00:00:19]} 25. Qxf7+ {[%clk 00:53:34]} {[%emt 00:00:08]} Kh7 {[%clk
00:19:36]} {[%emt 00:00:20]} 26. Bf6 {[%clk 00:53:22]} {[%emt 00:00:42]} Rg8
{[%clk 00:19:04]} {[%emt 00:01:02]} 27. Bxg7 {[%clk 00:53:27]} {[%emt
00:00:24]} h5 {[%clk 00:18:19]} {[%emt 00:01:17]} 28. Bxe5+ {[%clk 00:53:28]}
{[%emt 00:00:28]} Kh6 {[%clk 00:18:18]} {[%emt 00:00:31]} 29. h4 {[%clk
00:53:37]} {[%emt 00:00:21]} Ne2+ {[%clk 00:18:13]} {[%emt 00:00:36]} 30. Kh2
{[%clk 00:53:54]} {[%emt 00:00:10]} a6 {[%clk 00:17:30]} {[%emt 00:01:16]} 31.
Qf6 {[%clk 00:53:55]} {[%emt 00:00:29]} Rc6 {[%clk 00:17:42]} {[%emt 00:00:18]}
32. Qg5+ {[%clk 00:54:19]} {[%emt 00:00:06]} Kh7 {[%clk 00:18:00]} {[%emt
00:00:11]} 33. Rf7+ {[%clk 00:54:42]} {[%emt 00:00:07]} Rg7 {[%clk 00:18:22]}
{[%emt 00:00:09]} 34. Rxg7+ {[%clk 00:55:06]} {[%emt 00:00:05]} Kh8 {[%clk
00:18:39]} {[%emt 00:00:12]} 35. e8=Q# {[%clk 00:54:55]} {[%emt 00:00:08]} 1-0

[Event "DEM U12w 2022"]
[Site "Willingen GER"]
[Date "2022.06.05"]
[Round "1"]
[White "Chandrasekher, Ritu"]
[Black "Burlutskaia, Maria"]
[Result "0-1"]
[Termination "normal"]
[Board "2"]
[WhiteElo "1312"]
[BlackElo "1408"]
[WhiteClock "00:21:54"]
[BlackClock "00:38:21"]
[PlyCount "68"]
[WhiteFideId "34609024"]
[BlackFideId "34607137"]
[EventCountry "GER"]
[EventRounds "9"]
[EventType "swiss"]
[EventDate "2022.06.04"]

1. e4 {[%clk 01:30:58]} {[%emt 00:00:02]} e5 {[%clk 01:30:56]} {[%emt
00:00:05]} 2. Nf3 {[%clk 01:31:21]} {[%emt 00:00:05]} Nc6 {[%clk 01:31:22]}
{[%emt 00:00:05]} 3. Bc4 {[%clk 01:31:35]} {[%emt 00:00:09]} Nf6 {[%clk
01:31:51]} 4. d3 {[%clk 01:31:54]} {[%emt 00:00:19]} Bc5 {[%clk 01:31:56]}
{[%emt 00:00:25]} 5. O-O {[%clk 01:31:56]} {[%emt 00:00:28]} O-O {[%clk
01:31:15]} {[%emt 00:01:11]} 6. c3 {[%clk 01:31:40]} {[%emt 00:00:46]} Bb6
{[%clk 01:27:22]} {[%emt 00:04:24]} 7. Bg5 {[%clk 01:29:50]} {[%emt 00:02:19]}
h6 {[%clk 01:25:45]} {[%emt 00:02:07]} 8. Bh4 {[%clk 01:28:23]} {[%emt
00:01:57]} d6 {[%clk 01:24:09]} {[%emt 00:02:07]} 9. Re1 {[%clk 01:26:15]}
{[%emt 00:02:37]} Re8 {[%clk 01:23:20]} {[%emt 00:01:19]} 10. Nbd2 {[%clk
01:24:55]} {[%emt 00:01:50]} Be6 {[%clk 01:21:24]} {[%emt 00:02:27]} 11. h3
{[%clk 01:19:33]} {[%emt 00:05:50]} a6 {[%clk 01:16:35]} {[%emt 00:05:21]} 12.
b4 {[%clk 01:13:07]} {[%emt 00:06:56]} Ne7 {[%clk 01:05:05]} {[%emt 00:12:00]}
13. Bxf6 {[%clk 01:08:04]} {[%emt 00:05:33]} gxf6 {[%clk 01:05:17]} {[%emt
00:00:18]} 14. Bb3 {[%clk 01:01:42]} {[%emt 00:06:51]} Kh7 {[%clk 01:04:18]}
{[%emt 00:01:28]} 15. Nc4 {[%clk 01:00:50]} {[%emt 00:01:19]} Ba7 {[%clk
00:58:09]} {[%emt 00:06:44]} 16. d4 {[%clk 00:57:21]} {[%emt 00:03:58]} Rg8
{[%clk 00:57:03]} {[%emt 00:01:35]} 17. Kh2 {[%clk 00:53:28]} {[%emt 00:04:23]}
Ng6 {[%clk 00:53:14]} {[%emt 00:04:20]} 18. Ne3 {[%clk 00:47:05]} {[%emt
00:06:53]} Qe7 {[%clk 00:50:25]} {[%emt 00:03:19]} 19. Qd2 {[%clk 00:44:38]}
{[%emt 00:02:56]} Nf4 {[%clk 00:45:41]} {[%emt 00:05:15]} 20. Bxe6 {[%clk
00:40:01]} {[%emt 00:05:07]} Qxe6 {[%clk 00:44:22]} {[%emt 00:01:48]} 21. Rg1
{[%clk 00:37:33]} {[%emt 00:02:59]} Rxg2+ {[%clk 00:43:29]} {[%emt 00:01:23]}
22. Rxg2 {[%clk 00:33:03]} {[%emt 00:04:59]} Qxh3+ {[%clk 00:43:53]} {[%emt
00:00:08]} 23. Kg1 {[%clk 00:31:43]} {[%emt 00:01:49]} Nxg2 {[%clk 00:44:10]}
{[%emt 00:00:13]} 24. Nxg2 {[%clk 00:30:29]} {[%emt 00:01:44]} Qxf3 {[%clk
00:44:29]} {[%emt 00:00:10]} 25. Qe3 {[%clk 00:28:16]} {[%emt 00:02:45]} Qg4
{[%clk 00:43:23]} {[%emt 00:01:36]} 26. f3 {[%clk 00:27:52]} {[%emt 00:00:53]}
Qg3 {[%clk 00:43:19]} {[%emt 00:00:34]} 27. Rd1 {[%clk 00:26:53]} {[%emt
00:01:29]} Rg8 {[%clk 00:43:13]} {[%emt 00:00:35]} 28. Qf2 {[%clk 00:26:30]}
{[%emt 00:00:54]} Qh3 {[%clk 00:42:59]} {[%emt 00:00:44]} 29. a3 {[%clk
00:25:56]} {[%emt 00:01:04]} Rg5 {[%clk 00:42:22]} {[%emt 00:01:07]} 30. a4
{[%clk 00:25:23]} {[%emt 00:01:03]} f5 {[%clk 00:39:16]} {[%emt 00:03:36]} 31.
exf5 {[%clk 00:23:32]} {[%emt 00:02:21]} Rxf5 {[%clk 00:38:26]} {[%emt
00:01:20]} 32. Ne1 {[%clk 00:22:37]} {[%emt 00:01:25]} e4 {[%clk 00:38:00]}
{[%emt 00:00:56]} 33. Qh2 {[%clk 00:22:08]} {[%emt 00:00:58]} Rg5+ {[%clk
00:38:12]} {[%emt 00:00:19]} 34. Kh1 {[%clk 00:21:54]} {[%emt 00:00:42]} Qf1+
{[%clk 00:38:21]} {[%emt 00:00:22]} 0-1

[Event "DEM U12w 2022"]
[Site "Willingen GER"]
[Date "2022.06.05"]
[Round "1"]
[White "Bauer, Laura Sophie"]
[Black "Vasylenko, Nadeja"]
[Result "1-0"]
[Termination "normal"]
[Board "3"]
[WhiteElo "1428"]
[BlackElo "1305"]
[WhiteClock "00:13:24"]
[BlackClock "00:38:25"]
[PlyCount "185"]
[WhiteFideId "16253647"]
[BlackFideId "34161457"]
[EventCountry "GER"]
[EventRounds "9"]
[EventType "swiss"]
[EventDate "2022.06.04"]

1. e4 {[%clk 01:30:58]} {[%emt 00:00:01]} e5 {[%clk 01:30:47]} {[%emt
00:00:14]} 2. Nf3 {[%clk 01:31:22]} {[%emt 00:00:05]} d5 {[%clk 01:31:13]}
{[%emt 00:00:04]} 3. exd5 {[%clk 01:30:22]} {[%emt 00:01:30]} e4 {[%clk
01:31:25]} {[%emt 00:00:18]} 4. Nd4 {[%clk 01:28:44]} {[%emt 00:02:08]} Bc5
{[%clk 01:30:55]} {[%emt 00:01:00]} 5. Nb3 {[%clk 01:28:24]} {[%emt 00:00:51]}
Bb6 {[%clk 01:29:53]} {[%emt 00:01:32]} 6. Nc3 {[%clk 01:27:20]} {[%emt
00:01:33]} Nf6 {[%clk 01:30:14]} {[%emt 00:00:09]} 7. Bc4 {[%clk 01:25:46]}
{[%emt 00:02:04]} Bg4 {[%clk 01:30:23]} {[%emt 00:00:20]} 8. Be2 {[%clk
01:25:32]} {[%emt 00:00:44]} Bf5 {[%clk 01:29:46]} {[%emt 00:01:08]} 9. O-O
{[%clk 01:22:30]} {[%emt 00:03:32]} O-O {[%clk 01:30:02]} {[%emt 00:00:14]} 10.
d3 {[%clk 01:18:19]} {[%emt 00:04:41]} Nxd5 {[%clk 01:21:14]} {[%emt 00:09:18]}
11. Nxe4 {[%clk 01:14:34]} {[%emt 00:04:14]} Re8 {[%clk 01:19:47]} {[%emt
00:01:57]} 12. Bf3 {[%clk 01:13:56]} {[%emt 00:01:09]} Nc6 {[%clk 01:17:26]}
{[%emt 00:02:52]} 13. Bd2 {[%clk 01:12:12]} {[%emt 00:02:13]} Ne5 {[%clk
01:17:40]} {[%emt 00:00:16]} 14. Ng3 {[%clk 01:03:11]} {[%emt 00:09:31]} Bc8
{[%clk 01:17:01]} {[%emt 00:01:10]} 15. c4 {[%clk 00:59:15]} {[%emt 00:04:26]}
Nf6 {[%clk 01:15:19]} {[%emt 00:02:11]} 16. c5 {[%clk 00:59:07]} {[%emt
00:00:39]} Nxd3 {[%clk 01:14:07]} {[%emt 00:01:41]} 17. cxb6 {[%clk 00:59:06]}
{[%emt 00:00:31]} axb6 {[%clk 01:14:32]} {[%emt 00:00:05]} 18. Qc2 {[%clk
00:58:46]} {[%emt 00:00:49]} Ne5 {[%clk 01:14:15]} {[%emt 00:00:48]} 19. Bf4
{[%clk 00:56:52]} {[%emt 00:02:23]} Nxf3+ {[%clk 01:13:54]} {[%emt 00:00:52]}
20. gxf3 {[%clk 00:57:16]} {[%emt 00:00:06]} c6 {[%clk 01:14:16]} {[%emt
00:00:09]} 21. Rad1 {[%clk 00:53:11]} {[%emt 00:04:34]} Qe7 {[%clk 01:12:10]}
{[%emt 00:02:36]} 22. Bd6 {[%clk 00:48:58]} {[%emt 00:04:43]} Qd8 {[%clk
01:08:59]} {[%emt 00:03:40]} 23. Bb4 {[%clk 00:46:31]} {[%emt 00:02:58]} Bd7
{[%clk 01:08:14]} {[%emt 00:01:14]} 24. a3 {[%clk 00:45:36]} {[%emt 00:01:26]}
Nd5 {[%clk 01:07:59]} {[%emt 00:00:44]} 25. Bc3 {[%clk 00:44:37]} {[%emt
00:01:30]} Qh4 {[%clk 01:08:03]} {[%emt 00:00:24]} 26. Rd4 {[%clk 00:41:13]}
{[%emt 00:03:54]} Qg5 {[%emt 00:03:13]} 27. Qd2 {[%clk 00:40:17]} {[%emt
00:01:24]} Qd8 {[%clk 01:04:30]} {[%emt 00:01:16]} 28. Rd1 {[%clk 00:37:28]}
{[%emt 00:03:26]} Qc7 {[%clk 01:03:08]} {[%emt 00:01:53]} 29. Rxd5 {[%clk
00:35:57]} {[%emt 00:02:01]} cxd5 {[%clk 01:03:15]} {[%emt 00:00:23]} 30. Qg5
{[%clk 00:34:13]} {[%emt 00:02:13]} g6 {[%clk 01:01:23]} {[%emt 00:02:23]} 31.
Qf6 {[%clk 00:34:29]} {[%emt 00:00:13]} Kf8 {[%clk 01:01:41]} {[%emt 00:00:13]}
32. Qh8+ {[%clk 00:33:31]} {[%emt 00:01:28]} Ke7 {[%clk 01:01:54]} {[%emt
00:00:17]} 33. Re1+ {[%clk 00:32:53]} {[%emt 00:01:07]} Be6 {[%clk 01:02:11]}
{[%emt 00:00:13]} 34. Qf6+ {[%clk 00:32:16]} {[%emt 00:01:07]} Kd7 {[%clk
01:02:13]} {[%emt 00:00:29]} 35. Nd4 {[%clk 00:31:39]} {[%emt 00:01:06]} Qd8
{[%clk 00:55:26]} {[%emt 00:07:18]} 36. Qe5 {[%clk 00:29:39]} {[%emt 00:02:29]}
Qb8 {[%clk 00:55:35]} {[%emt 00:00:21]} 37. Qe3 {[%clk 00:28:28]} {[%emt
00:01:36]} h5 {[%clk 00:53:43]} {[%emt 00:02:28]} 38. Qg5 {[%clk 00:27:25]}
{[%emt 00:01:31]} Qd8 {[%clk 00:53:57]} {[%emt 00:00:18]} 39. Nxe6 {[%clk
00:27:40]} {[%emt 00:00:15]} Rxe6 {[%clk 00:53:36]} {[%emt 00:00:51]} 40. Qxd5+
{[%clk 00:28:01]} {[%emt 00:00:09]} Kc8 {[%clk 00:52:16]} {[%emt 00:01:50]} 41.
Qc4+ {[%clk 00:26:31]} {[%emt 00:01:59]} Qc7 {[%clk 00:50:40]} {[%emt
00:02:08]} 42. Qxc7+ {[%clk 00:22:06]} {[%emt 00:04:54]} Kxc7 {[%clk 00:51:02]}
{[%emt 00:00:08]} 43. Rxe6 {[%clk 00:22:10]} {[%emt 00:00:26]} fxe6 {[%clk
00:50:34]} {[%emt 00:00:58]} 44. Ne2 {[%clk 00:21:58]} {[%emt 00:00:42]} Rf8
{[%clk 00:50:48]} {[%emt 00:00:16]} 45. Be5+ {[%clk 00:22:14]} {[%emt
00:00:12]} Kc6 {[%clk 00:50:51]} {[%emt 00:00:29]} 46. f4 {[%clk 00:20:37]}
{[%emt 00:02:07]} Kd5 {[%clk 00:50:16]} {[%emt 00:01:05]} 47. Nc3+ {[%clk
00:20:47]} {[%emt 00:00:20]} Kc4 {[%clk 00:50:28]} {[%emt 00:00:16]} 48. h4
{[%clk 00:20:49]} {[%emt 00:00:29]} b5 {[%clk 00:50:08]} {[%emt 00:00:51]} 49.
Ne4 {[%clk 00:20:33]} {[%emt 00:00:46]} b6 {[%clk 00:48:40]} {[%emt 00:01:59]}
50. Kg2 {[%clk 00:19:47]} {[%emt 00:01:14]} b4 {[%clk 00:48:23]} {[%emt
00:00:49]} 51. axb4 {[%clk 00:20:04]} {[%emt 00:00:12]} Ra8 {[%clk 00:48:46]}
{[%emt 00:00:07]} 52. Bc3 {[%clk 00:20:16]} {[%emt 00:00:17]} Kd5 {[%clk
00:48:51]} {[%emt 00:00:26]} 53. Ng5 {[%clk 00:18:26]} {[%emt 00:02:19]} b5
{[%clk 00:48:15]} {[%emt 00:01:07]} 54. Nf3 {[%clk 00:18:21]} {[%emt 00:00:34]}
Rb8 {[%clk 00:47:22]} {[%emt 00:01:23]} 55. Ne5 {[%clk 00:18:23]} {[%emt
00:00:29]} Rg8 {[%clk 00:47:26]} {[%emt 00:00:22]} 56. Nd7 {[%clk 00:18:21]}
{[%emt 00:00:36]} Kc6 {[%clk 00:45:31]} {[%emt 00:02:25]} 57. Nf6 {[%clk
00:18:26]} {[%emt 00:00:24]} Rf8 {[%clk 00:44:57]} {[%emt 00:01:02]} 58. Be5
{[%clk 00:18:09]} {[%emt 00:00:50]} Ra8 {[%clk 00:41:46]} {[%emt 00:03:41]} 59.
Kf3 {[%clk 00:17:57]} {[%emt 00:00:41]} Rd8 {[%clk 00:40:20]} {[%emt 00:01:57]}
60. Ke4 {[%clk 00:14:51]} {[%emt 00:03:33]} Ra8 {[%clk 00:38:50]} {[%emt
00:02:02]} 61. Bd4 {[%clk 00:14:26]} {[%emt 00:01:49]} Ra1 {[%clk 00:37:34]}
{[%emt 00:01:46]} 62. Nh7 {[%clk 00:12:17]} {[%emt 00:02:40]} Re1+ {[%clk
00:37:06]} {[%emt 00:00:58]} 63. Kf3 {[%clk 00:12:26]} {[%emt 00:00:20]} Kd5
{[%clk 00:37:27]} {[%emt 00:00:10]} 64. Bc3 {[%clk 00:12:38]} {[%emt 00:00:18]}
Rd1 {[%clk 00:37:36]} {[%emt 00:00:21]} 65. Nf8 {[%clk 00:12:27]} {[%emt
00:00:41]} Rg1 {[%clk 00:37:23]} {[%emt 00:00:43]} 66. Ke3 {[%clk 00:11:18]}
{[%emt 00:01:40]} Rg4 {[%clk 00:36:32]} {[%emt 00:01:20]} 67. Bf6 {[%clk
00:11:25]} {[%emt 00:00:21]} Kc4 {[%clk 00:36:44]} {[%emt 00:00:20]} 68. Nxe6
{[%clk 00:11:44]} {[%emt 00:00:11]} Kxb4 {[%clk 00:37:07]} {[%emt 00:00:07]}
69. f3 {[%clk 00:11:41]} {[%emt 00:00:33]} Rg2 {[%clk 00:37:15]} {[%emt
00:00:22]} 70. Nd4 {[%clk 00:10:53]} {[%emt 00:01:17]} Kc4 {[%clk 00:35:40]}
{[%emt 00:02:05]} 71. Ne2 {[%clk 00:10:57]} {[%emt 00:00:23]} b4 {[%clk
00:35:29]} {[%emt 00:00:44]} 72. Kd2 {[%clk 00:09:10]} {[%emt 00:02:17]} Rf2
{[%clk 00:35:40]} {[%emt 00:00:19]} 73. Ke3 {[%clk 00:09:01]} {[%emt 00:00:39]}
Rg2 {[%clk 00:35:55]} {[%emt 00:00:15]} 74. Nc1 {[%clk 00:08:59]} {[%emt
00:00:32]} Rh2 {[%clk 00:33:24]} {[%emt 00:03:01]} 75. Nd3 {[%clk 00:07:41]}
{[%emt 00:01:48]} Rg2 {[%clk 00:33:36]} {[%emt 00:00:17]} 76. f5 {[%clk
00:07:55]} {[%emt 00:00:18]} Kb3 {[%clk 00:32:49]} {[%emt 00:01:16]} 77. Nf4
{[%clk 00:07:42]} {[%emt 00:00:43]} Rxb2 {[%clk 00:31:56]} {[%emt 00:01:24]}
78. Bxb2 {[%clk 00:08:08]} {[%emt 00:00:04]} gxf5 {[%clk 00:32:19]} {[%emt
00:00:07]} 79. Bf6 {[%clk 00:08:13]} {[%emt 00:00:24]} Kc2 {[%clk 00:32:44]}
{[%emt 00:00:06]} 80. Nxh5 {[%clk 00:08:33]} {[%emt 00:00:10]} b3 {[%clk
00:33:10]} {[%emt 00:00:05]} 81. Ng7 {[%clk 00:08:53]} {[%emt 00:00:09]} b2
{[%clk 00:33:33]} {[%emt 00:00:07]} 82. Bxb2 {[%clk 00:09:18]} {[%emt
00:00:04]} Kxb2 {[%clk 00:34:02]} {[%emt 00:00:02]} 83. h5 {[%clk 00:09:40]}
{[%emt 00:00:08]} Kc3 {[%clk 00:34:25]} {[%emt 00:00:07]} 84. h6 {[%clk
00:10:04]} {[%emt 00:00:05]} f4 {[%clk 00:34:54]} {[%emt 00:00:02]} 85. Kxf4
{[%clk 00:10:27]} {[%emt 00:00:07]} Kd4 {[%clk 00:35:21]} {[%emt 00:00:03]} 86.
h7 {[%clk 00:10:50]} {[%emt 00:00:06]} Kc5 {[%clk 00:35:49]} {[%emt 00:00:03]}
87. h8=Q {[%clk 00:11:10]} {[%emt 00:00:09]} Kb6 {[%clk 00:36:15]} {[%emt
00:00:05]} 88. Qc8 {[%clk 00:11:32]} {[%emt 00:00:08]} Kb5 {[%clk 00:36:41]}
{[%emt 00:00:05]} 89. Ke5 {[%clk 00:11:53]} {[%emt 00:00:08]} Ka5 {[%clk
00:37:06]} {[%emt 00:00:06]} 90. Qb7 {[%clk 00:12:16]} {[%emt 00:00:05]} Ka4
{[%clk 00:37:33]} {[%emt 00:00:04]} 91. Kd4 {[%clk 00:12:34]} {[%emt 00:00:12]}
Ka5 {[%clk 00:37:58]} {[%emt 00:00:06]} 92. Kc5 {[%clk 00:12:57]} {[%emt
00:00:06]} Ka4 {[%clk 00:38:25]} {[%emt 00:00:04]} 93. Qb4# {[%clk 00:13:24]}
{[%emt 00:00:02]} 1-0

[Event "DEM U12w 2022"]
[Site "Willingen GER"]
[Date "2022.06.05"]
[Round "1"]
[White "Zhou, Jenny"]
[Black "Trunz, Tamila"]
[Result "0-1"]
[Termination "normal"]
[Board "4"]
[WhiteElo "1272"]
[BlackElo "1474"]
[WhiteClock "00:28:32"]
[BlackClock "00:28:28"]
[PlyCount "112"]
[WhiteFideId "16280229"]
[BlackFideId "16267885"]
[EventCountry "GER"]
[EventRounds "9"]
[EventType "swiss"]
[EventDate "2022.06.04"]

1. e4 {[%clk 01:30:57]} {[%emt 00:00:02]} c5 {[%clk 01:30:54]} {[%emt
00:00:07]} 2. Nf3 {[%clk 01:31:21]} {[%emt 00:00:06]} e6 {[%clk 01:31:09]}
{[%emt 00:00:15]} 3. d4 {[%clk 01:31:44]} {[%emt 00:00:07]} cxd4 {[%clk
01:31:29]} {[%emt 00:00:10]} 4. Nxd4 {[%clk 01:32:07]} {[%emt 00:00:07]} Nf6
{[%clk 01:31:13]} {[%emt 00:00:47]} 5. Nc3 {[%clk 01:32:25]} {[%emt 00:00:12]}
Nc6 {[%clk 01:31:26]} {[%emt 00:00:17]} 6. Be3 {[%clk 01:30:03]} {[%emt
00:02:51]} Bb4 {[%clk 01:31:37]} {[%emt 00:00:18]} 7. Qd3 {[%clk 01:27:37]}
{[%emt 00:02:56]} O-O {[%clk 01:27:44]} {[%emt 00:04:23]} 8. f3 {[%clk
01:26:01]} {[%emt 00:02:06]} d5 {[%clk 01:18:24]} {[%emt 00:09:51]} 9. O-O-O
{[%clk 01:21:17]} {[%emt 00:05:14]} Ne5 {[%clk 01:02:46]} {[%emt 00:16:08]} 10.
Qd2 {[%clk 01:12:56]} {[%emt 00:08:51]} dxe4 {[%clk 00:51:44]} {[%emt
00:11:31]} 11. a3 {[%clk 01:08:38]} {[%emt 00:04:49]} Bxc3 {[%clk 00:51:07]}
{[%emt 00:01:07]} 12. Qxc3 {[%clk 01:08:37]} {[%emt 00:00:31]} Nd5 {[%clk
00:45:55]} {[%emt 00:05:42]} 13. Qe1 {[%clk 01:05:44]} {[%emt 00:03:21]} exf3
{[%clk 00:39:01]} {[%emt 00:07:25]} 14. gxf3 {[%clk 01:04:49]} {[%emt
00:01:26]} Bd7 {[%clk 00:33:16]} {[%emt 00:06:15]} 15. Rg1 {[%clk 01:03:39]}
{[%emt 00:01:40]} Ng6 {[%clk 00:28:46]} {[%emt 00:05:00]} 16. Bc4 {[%clk
00:59:24]} {[%emt 00:04:43]} Qc7 {[%clk 00:20:09]} {[%emt 00:09:08]} 17. Bxd5
{[%clk 00:56:14]} {[%emt 00:03:40]} exd5 {[%clk 00:20:29]} {[%emt 00:00:11]}
18. Rg5 {[%clk 00:52:19]} {[%emt 00:04:24]} f5 {[%clk 00:12:47]} {[%emt
00:08:13]} 19. Bf2 {[%clk 00:40:10]} {[%emt 00:12:39]} Rae8 {[%clk 00:09:09]}
{[%emt 00:04:08]} 20. Qd2 {[%clk 00:37:59]} {[%emt 00:02:40]} Rc8 {[%clk
00:06:05]} {[%emt 00:03:35]} 21. h4 {[%clk 00:33:01]} {[%emt 00:05:28]} Ne5
{[%clk 00:03:23]} {[%emt 00:03:12]} 22. Bg3 {[%clk 00:27:22]} {[%emt 00:06:08]}
f4 {[%clk 00:02:21]} {[%emt 00:01:33]} 23. Bxf4 {[%clk 00:26:06]} {[%emt
00:01:45]} Rxf4 {[%clk 00:01:48]} {[%emt 00:01:04]} 24. c3 {[%clk 00:16:50]}
{[%emt 00:09:46]} Rff8 {[%clk 00:00:34]} {[%emt 00:01:44]} 25. Rdg1 {[%clk
00:16:07]} {[%emt 00:01:12]} Rf7 {[%clk 00:00:50]} {[%emt 00:00:14]} 26. h5
{[%clk 00:13:42]} {[%emt 00:02:55]} Nc4 {[%clk 00:00:53]} {[%emt 00:00:28]} 27.
Qg2 {[%clk 00:12:43]} {[%emt 00:01:28]} Qf4+ {[%clk 00:01:14]} {[%emt
00:00:10]} 28. Kb1 {[%clk 00:12:12]} {[%emt 00:01:01]} Qf6 {[%clk 00:01:07]}
{[%emt 00:00:37]} 29. f4 {[%clk 00:08:48]} {[%emt 00:03:54]} Ne3 {[%clk
00:00:59]} {[%emt 00:00:38]} 30. Qg3 {[%clk 00:07:50]} {[%emt 00:01:27]} Nf5
{[%clk 00:01:01]} {[%emt 00:00:29]} 31. Nxf5 {[%clk 00:06:47]} {[%emt
00:01:32]} Bxf5+ {[%clk 00:01:22]} {[%emt 00:00:09]} 32. Ka1 {[%clk 00:06:52]}
{[%emt 00:00:26]} Rcc7 {[%clk 00:01:21]} {[%emt 00:00:31]} 33. Qh4 {[%clk
00:05:54]} {[%emt 00:01:24]} Kf8 {[%clk 00:00:49]} {[%emt 00:01:05]} 34. h6
{[%clk 00:02:37]} {[%emt 00:03:46]} g6 {[%clk 00:00:39]} {[%emt 00:00:43]} 35.
Qf2 {[%clk 00:01:37]} {[%emt 00:01:26]} Be4 {[%clk 00:00:52]} {[%emt 00:00:20]}
36. Qxa7 {[%clk 00:01:15]} {[%emt 00:00:52]} Rce7 {[%clk 00:01:00]} {[%emt
00:00:22]} 37. Qb8+ {[%clk 00:01:03]} {[%emt 00:00:40]} Re8 {[%clk 00:01:19]}
{[%emt 00:00:13]} 38. Qa7 {[%clk 00:01:19]} {[%emt 00:00:14]} Qxf4 {[%clk
00:01:09]} {[%emt 00:00:40]} 39. Qc5+ {[%clk 00:01:32]} {[%emt 00:00:17]} Kg8
{[%clk 00:01:20]} {[%emt 00:00:19]} 40. Qb5 {[%clk 00:01:22]} {[%emt 00:00:40]}
Ref8 {[%clk 00:01:18]} {[%emt 00:00:31]} 41. Qe2 {[%clk 00:00:43]} {[%emt
00:01:07]} Qf3 {[%clk 00:27:02]} {[%emt 00:04:49]} 42. Qxf3 {[%clk 00:30:01]}
{[%emt 00:01:12]} Rxf3 {[%clk 00:27:01]} {[%emt 00:00:30]} 43. Re5 {[%clk
00:28:04]} {[%emt 00:02:27]} Rf1+ {[%clk 00:26:16]} {[%emt 00:01:15]} 44. Rxf1
{[%clk 00:28:28]} {[%emt 00:00:06]} Rxf1+ {[%clk 00:26:41]} {[%emt 00:00:06]}
45. Ka2 {[%clk 00:28:51]} {[%emt 00:00:07]} Kf7 {[%clk 00:26:25]} {[%emt
00:00:45]} 46. c4 {[%clk 00:28:43]} {[%emt 00:00:39]} Rf5 {[%clk 00:25:42]}
{[%emt 00:01:11]} 47. Rxf5+ {[%clk 00:28:52]} {[%emt 00:00:23]} gxf5 {[%clk
00:25:38]} {[%emt 00:00:33]} 48. cxd5 {[%clk 00:29:07]} {[%emt 00:00:15]} f4
{[%clk 00:25:45]} {[%emt 00:00:23]} 49. d6 {[%clk 00:28:15]} {[%emt 00:01:22]}
f3 {[%clk 00:26:06]} {[%emt 00:00:09]} 50. d7 {[%clk 00:27:23]} {[%emt
00:01:23]} Ke7 {[%emt 00:00:49]} 51. b4 {[%clk 00:27:09]} Kxd7 {[%clk
00:26:52]} {[%emt 00:00:08]} 52. b5 {[%clk 00:27:24]} {[%emt 00:00:15]} f2
{[%clk 00:27:17]} {[%emt 00:00:06]} 53. b6 {[%clk 00:27:44]} {[%emt 00:00:09]}
f1=Q {[%clk 00:27:38]} {[%emt 00:00:09]} 54. a4 {[%clk 00:27:49]} {[%emt
00:00:26]} Qb1+ {[%clk 00:27:47]} {[%emt 00:00:19]} 55. Ka3 {[%clk 00:28:09]}
{[%emt 00:00:11]} Bd5 {[%clk 00:28:05]} {[%emt 00:00:10]} 56. a5 {[%clk
00:28:32]} {[%emt 00:00:09]} Qb3# {[%clk 00:28:28]} {[%emt 00:00:06]} 0-1